[Aclaraciones sobre el estado de salud del obispo Leopoldo Lara y Torres en el tiempo de los arreglos]

El documento contiene un fragmento de la carta que dirigió el Pbro. manuel Navarro, en els entido del estado de salud de Sr. Lara para los tiempos de los arreglos.

Uloženo v:
Podrobná bibliografie
Hlavní autor: Palomar y Vizcarra, Miguel (autor)
Médium: Kniha
Edice:1953 diciembre 22
Témata:
Tagy: Přidat tag
Žádné tagy, Buďte první, kdo vytvoří štítek k tomuto záznamu!

MARC

LEADER 00000nam^a2200000^a^4500
001 000249580
005 20250526000000.0
009 20260310105734.885
035 |a R00441 
037 |a Acervo Xavier Clavigero 
082 |a 21. 2  |b PAL 
100 |a Palomar y Vizcarra, Miguel  |e (autor) 
245 1 0 |a [Aclaraciones sobre el estado de salud del obispo Leopoldo Lara y Torres en el tiempo de los arreglos] 
264 |a s/l :  |b s/dest.,  |c 1953 
300 |a 1 foja, mcs/cop., 21.3 x 28 cm. 
336 |a texto  |b txt  |2 rdacontenido 
337 |a sin mediación  |b n  |2 rdamedio 
338 |a volumen  |b nc  |2 rdasoporte 
440 |a 1953 diciembre 22 
520 |a El documento contiene un fragmento de la carta que dirigió el Pbro. manuel Navarro, en els entido del estado de salud de Sr. Lara para los tiempos de los arreglos. 
598 |a Documento 
598 |a En la biblioteca del ILFC, Guadalajara, Jal. 
649 |a XX 
650 |a * Palomar y Vizcarra, Miguel -  |x Correspondencia, memorias, etc 
650 |a Obispos 
650 |a Iglesia y Estado -  |z México 
650 |a * León Ortíz, Manuel 
650 |a * Madrigal, Miguel 
650 |a * Navarrete, Manuel 
650 |a * Bermejillo de León, María 
910 |a Fondo Jesús Gómez Fregoso S.J. FXC 
920 |a Impresos - Documentos 
930 |a Libros Antiguos y Raros 
940 |a Guerra Cristera 
905 |a 110 
901 |a R00441  |b IT2  |c LRA  |i R00441  |u 20250526 
902 |a https://opac.biblio.iteso.mx/vufind/Record/000249580